| 000 | 01198cam a2200349 i 4500 | ||
|---|---|---|---|
| 001 | 19368891 | ||
| 003 | OSt | ||
| 005 | 20251203114406.0 | ||
| 008 | 161109s2017 mau b 000 0 eng | ||
| 010 | _a 2016042903 | ||
| 020 |
_a9781619708419 _qalk. paper |
||
| 035 | _a19368891 | ||
| 040 |
_aDLC _beng _cDLC _erda _dDLC |
||
| 042 | _apcc | ||
| 050 | 0 | 0 |
_aBV652.2 _b.W435 2017 |
| 082 | 0 | 0 |
_a253/.7 _223 |
| 100 | 1 |
_aWhite, Allen, _d1964- _eauthor. |
|
| 245 | 1 | 0 |
_aExponential groups : _bunleashing your church's potential / _cAllen White. |
| 264 | 1 |
_aPeabody, Massachusetts : _bHendrickson Publishers, _c[2017] |
|
| 300 |
_axviii, 251 pages ; _c22 cm |
||
| 336 |
_atext _btxt _2rdacontent |
||
| 337 |
_aunmediated _bn _2rdamedia |
||
| 338 |
_avolume _bnc _2rdacarrier |
||
| 504 | _aIncludes bibliographical references. | ||
| 650 | 0 | _aChurch group work. | |
| 650 | 0 |
_aSmall groups _xReligious aspects _xChristianity. |
|
| 650 | 0 | _aChurch leadership. | |
| 650 | 0 | _aChurch growth. | |
| 906 |
_a7 _bcbc _corignew _d1 _eecip _f20 _gy-gencatlg |
||
| 942 |
_2lcc _cBK |
||
| 999 |
_c20876 _d20875 |
||